Culture Générale - Série 2592 - Statistiques

Statistiques générales
  • Ce quiz a été pris 100 fois
  • Le résultat moyen est 3 sur 10
Statistiques - réponses
Question Réponse % Correct
Dans quelle partie du corps humain est située l'hypothalamus ? cerveau
76%
(Familier) Dénoncer, moucharder - 6 lettres commençant par " c " cafter
70%
Quelle est la capitale du Mozambique ? Maputo
49%
De quel pays est originaire l'actrice Bérénice Bejo ? Argentine
34%
De quel pays Alberto Kenya Fujimori fut-il le Président de 1990 à 2000) ? Pérou
31%
Quel animal marin est appelé "poisson volant" ? exocet
18%
Quel pays est traversé par la rivière Olt ? Roumanie
14%
Terme désignant une personne qui s'occupe de tout au sein d'une habitation - 8 lettres commençant par " f " factotum
10%
Vantardise impudente (de qqn) - action, parole de vantard - 11 lettres commençant par " f " forfanterie
5%
Nom du voilier de 19 mètres de Philippe Poupon et Géraldine Danon Fleur australe
2%
Aucun quiz correspondant
Distribution des résultats
% des personnes avec chaque résultat
Percentile par nombre de réponses
Votre historique - résultats
Vous n’avez pas pris ce quiz